000 00916cam a22002652 4500
001 0000004048
005 20151217145751.0
008 070518s xx 000 0 eng d
020 _a0750674636 :
040 _aKABU
_cKABU
050 0 _aQD601.3
_b.C46 2002
100 1 _aChoppin, Gregory P.
_@0000154401
245 1 0 _aRadiochemistry and nuclear chemistry /
_cGregory R. Choppin, Jan-Olov liljenzin and Jan Rydberg.
250 _a3rd ed.
260 _aWoburn, MA :
_bButterworth-Heinmann,
_c2002.
300 _a709 p.
650 0 _aRadiochemistry.
_@0000154390
700 1 _aL. Cjenzin, Jan-Olov.
_@0000154402
700 1 _aRydberg, Jan.
_@0000154403
852 1 _9p7837.50 KES
852 1 _9p7837.50 KES
852 1 _9p8950 KES
908 _a070518
950 _@1
999 _c2413
_d2413